| 000 | 00538nam a22001217a 4500 | ||
|---|---|---|---|
| 999 |
_c18831 _d18831 |
||
| 008 | 210223b xxu||||| |||| 00| 0 eng d | ||
| 050 |
_aGMND2324 _b.C44 2019 c.1 |
||
| 100 | _aChelobei Leah Jepkoech | ||
| 245 |
_aMaternal nutrition and other related factors associated with low birth weight in West Pokot county, Kenya _cLeah Jepkoech Chelobei |
||
| 260 |
_aKabarak, Nakuru, Kenya _bKabarak University _c2019 |
||
| 300 | _a 86 leaves | ||
| 942 |
_2lcc _cTHE |
||